000 00708nam a2200217Ia 4500
001 4380
003 GE_BSU
008 181216s||||||||xx |||||||||||||| ||und||
040 _cGE_BSU
080 _a620.193:66(03)
100 _aСухотин,А.М. Зотиков,В.С.
245 _aХимическое сопротивление материалов.
245 _bСправочник.
245 _cРед. С.Л. Тамарченко. Под редакцией А.М. Сухотина
260 _aЛ.
260 _bХимия.
260 _c1975.
300 _a408 стр с илл. 22 см.
653 _aХимическое сопротивление материалов.
942 _cBK
999 _c38370
_d38370